Datum a čas kvízu
21.5
Celkem bodů
Celkový počet nahraných bodů na tomto kvízu bez doplňovacích otázek.
7.
Pořadí na kvízu
Konečné umístění týmu na tomto kvízu.
Zaznamenané odpovědi
| # | Otázka | Odpověď | Body | Výsledky |
|---|---|---|---|---|
| 1. | Vláda na svém středečním jedná... | 0 | ||
| 2. | Zmatek a nepochopení vyvolal m... | 1 | ||
| 3. | Zpěvák Janek Ledecký, moderáto... | 1 | ||
| 4. | Evropská organizace pro jadern... | 0 | ||
| 5. | Jak se jmenuje česká sportovky... | 1 | ||
| 6. | Rodné číslo je jednoznačný čís... | 0 | ||
| 7. | Aby bylo možno snadno detekova... | 0 | ||
| 8. | Která z uvedených kombinací mů... | 1 | ||
| 9. | Změna rodného čísla během živo... | 0 | ||
| 10. | S rodnými čísly souvisí i obča... | 1 |